000 00793nam a2200265 a 4500
008
020 _a9781506390789 (paperback)
040 _aNUST
_cNUST
049 _aMAIN
090 _aHN90
_bCRO
100 1 _aCroteau, David.
245 1 0 _aMedia Society:
_bindustries, images, and audiences /
_cCroteau, David.
260 _aUnited Kingdom :
_bSAGE,
_c2019
300 _aSixth Edition.
300 _axxii, 465 pages :
_billustrations ;
_c25 cm
336 _atext
_btxt
_2rdacarrier
337 _aunmediated
_bn
_2rdamedia
338 _avolume
_bnc
_2rdacarrier
500 _aIncludes index.
650 1 _aMedia Technology.
907 _a.b10408162
_b19-08-21
_c19-08-21
003
005 20230120144503.0
942 _cBOOKS
_kHN90
_mCRO
999 _c97740
_d97740